00638nam a2200193Ia 450000500170000000800410001702000150005808200130007310000220008624501020010825000090021026000620021930000180028165000160029965000100031594200060032595200980033199900150042920240604054504.0240331s9999 xx 000 0 und d a9556250050 bKODa346 aKodikara, Chulani 0aMuslim family law in Sri lankabTheory, practice and issues of Concern to WomencChulani Kodikara a1 st aSri LankabMuslim Women's Research and Action Forumc1999 axvi, 334 p ., a Muslim Law aWomen cL 001040708LaWERCLbWERCLcSSCd2024-03-31l0o 346.01 KODp4289r2024-03-31w2024-03-31yL c2846d2846